| 000 | 00348nam a22001457a 4500 | ||
|---|---|---|---|
| 003 | SGT | ||
| 020 | _a9788184574463 | ||
| 082 |
_a658.4034 _bA13B |
||
| 100 | _aBHALLA, RANJIT KAUR | ||
| 245 | _aADVANCED RESEARCH METHODOLOGY | ||
| 260 |
_aNEW DELHI _bKANISHKA PUBLISHER _c2013 |
||
| 300 | _a532 | ||
| 650 | _aMASS COMMUNICATION | ||
| 942 |
_2ddc _cBK _09 |
||
| 999 |
_c13191 _d13191 |
||